000 00569nam a2200193Ia 4500
008 240729s9999 xx 000 0 und d
022 _a2578-4854
245 0 _aConservation Science and Practice
260 _aUnited States
260 _bWiley
650 _a Biology (General)
650 _a Ecology | Science
650 _a General. Including nature conservation, geographical distribution
650 _a Natural history (General)
650 _aScience
856 _uhttps://doaj.org/toc/4f005ec6969e440c92a11e881aec636c
942 _2ddc
942 _cDOAJEJ
999 _c72570
_d72570
945 _a1
_bMadushi Gamage
_c1
_dMadushi Gamage